000
00369nam a2200169Ia 4500
005
20250423100332.0
008
250422s9999 xx 000 0 und d
020
_a
9780640282
050
_a
KP 107 .E7/
100
_a
Etikerentse, G.
245
0
_a
Nigeria Petroleum Law
260
_a
Lagos
260
_b
Dredew
260
_c
2014
300
_a
522 p
942
_c
BK
999
_c
32992
_d
32992